00464nam a22001337a 4500003000500000038001800005082000800023100001600031245011800047264003300165650004100198700003300239856005800272NUST aNusrat Nadeem a200 aMaha Amir,  aThe Mechanism of Business Support: Linking Incubator Services to Entrepreneurial Decision Efficiency/cAmir, Maha aIslamabad:bNBS NUST.c2025. aMS- Innovation and Entrepreneurship  aSupervisor: Dr. Ayesha Abrar u http://10.250.8.41:8080/xmlui/handle/123456789/57414